| 000 | 01058nas a2200337 4500 | ||
|---|---|---|---|
| 001 | BR2013003962 | ||
| 003 | BR-BrBNA | ||
| 005 | 20231205122431.0 | ||
| 007 | ta | ||
| 008 | 230509b bl.|||p| |||| 00| 00por d | ||
| 040 |
_aBR-BrBNA _bpor _cBiblioteca Nacional de Agricultura |
||
| 041 | _a(En) | ||
| 072 | _aL50; L73 | ||
| 100 | 1 | _aUral, K. | |
| 100 | 1 | _aYagci, B. | |
| 100 | 1 | _aOcal, N. | |
| 100 | 1 | _a | |
| 100 | 1 | _a | |
| 100 | 1 | _a | |
| 245 | 1 | _aCellular enzyme values in hunter/jumper and dressage horses with dermatophytosis | |
| 246 | 1 | _aCellular enzyme values in hunter/jumper and dressage horses with dermatophytosis | |
| 650 | _aCAVALO | ||
| 650 | _aENZIMA | ||
| 650 | _aATIVIDADE ENZÍMICA | ||
| 650 | _aANÁLISE | ||
| 650 | _aDERMATOFITOSE | ||
| 773 | 0 |
_tArquivo Brasileiro de Medicina Veterinária e Zootecnia (Brazil) _xISSN 0102-0935 _g(Oct 2009), v. 61(5) p. 1233-1237 _wBR2013003962 |
|
| 856 | 4 | 0 | _uhttp://www.scielo.br/pdf/abmvz/v61n5/a31v61n5.pdf |
| 909 |
_a202311 _bLúcia _c55 _dLúcia Elande |
||
| 942 |
_2AGRIS _n0 _cANA |
||
| 999 |
_c228624 _d228624 |
||